Ghana, 1957-1966 : the politics of institutional dualism /

Bibliographic Details
Main Author: Amonoo, Ben
Format: Thesis Book
Language:English
Published: London ; Boston : Allen & Unwin, 1981.
Subjects:

MARC

Tag First Indicator Second Indicator Subfields
LEADER 00000cam a22000008a 4500
001 in00000089494
005 20151008063502.0
008 810729s1981 enk b 00110 eng
010 |a  81012845  
020 |a 0043201474 
020 |a 0043201482 (pbk.) 
035 |a (OCoLC)07738440 
035 |9 AAK2330AM 
039 0 |a 2  |b 3  |c 3  |d 3  |e 3 
040 |a DLC  |c DLC  |d TXA  |d UtOrBLW 
043 |a f-gh--- 
049 |a TXAM  |c [1442334] 
050 0 0 |a JQ3028  |b .A46 1981 
082 0 |a 320.9667  |2 19 
100 1 |a Amonoo, Ben. 
245 1 0 |a Ghana, 1957-1966 :  |b the politics of institutional dualism /  |c Ben Amonoo. 
263 |a 8201 
264 1 |a London ;  |a Boston :  |b Allen & Unwin,  |c 1981. 
300 |a x, 242 pages ;  |c 22 cm. 
336 |a text  |b txt  |2 rdacontent 
337 |a unmediated  |b n  |2 rdamedia 
338 |a volume  |b nc  |2 rdacarrier 
500 |a Includes index. 
502 |c University of Exeter)  |d 1973) 
504 |a Bibliography: pages [232]-239. 
650 0 |a Local government  |z Ghana. 
651 0 |a Ghana  |x Politics and government  |y 1957-1979. 
999 |a MARS 
999 f f |s 1587318c-b773-312d-b1cf-dbba7b3a2a61  |i 4f073c26-3bb5-3e25-b2b1-404084f809dd  |t 0 
952 f f |p ric  |a Texas A&M University  |b Rellis Campus  |c Joint Library Facility  |d Remote Storage  |t 0  |e JQ3028 .A46 1981  |h Library of Congress classification  |i unmediated -- volume  |m A14806152315 
998 f f |a JQ3028 .A46 1981  |t 0  |l Remote Storage